| 000 | 00734nam a2200241 a 4500 | ||
|---|---|---|---|
| 008 | |||
| 020 | _a0070211450 (pbk.) | ||
| 049 | _aMAIN | ||
| 090 | _aTK2000 | ||
| 100 | _aFitzgerald, A. E. | ||
| 245 | 1 | 0 |
_aElectric machinery : _bthe dynamics and statics of electromechanical energy conversion/ _cA.E. Fitzgerald and Charles Kingsley. |
| 250 | _a2nd ed. | ||
| 260 | 0 |
_aNew York : _bMcGraw-Hill, _cc1983. |
|
| 300 |
_axii, 568 p. : _bill. ; _c21 cm. |
||
| 500 | _aIncludes index. | ||
| 650 | 0 | _aElectric machinery. | |
| 700 | 1 | 0 | _aKingsley, Charles. |
| 907 |
_a.b10162343 _b30-05-05 _c09-05-05 |
||
| 003 | |||
| 005 | 20230123134009.0 | ||
| 040 | _cNUST | ||
| 942 |
_cBOOKS _kTK2000 |
||
| 999 |
_c158223 _d158223 |
||